Numerical methods / (Record no. 593468)

000 -LEADER
fixed length control field 02074cam a22003737a 4500
001 - CONTROL NUMBER
control field 17209688
005 - DATE AND TIME OF LATEST TRANSACTION
control field 20230228153246.0
008 - FIXED-LENGTH DATA ELEMENTS--GENERAL INFORMATION
fixed length control field 120314s2013 maua b 001 0 eng d
010 ## - LIBRARY OF CONGRESS CONTROL NUMBER
LC control number 2012935435
035 ## - SYSTEM CONTROL NUMBER
System control number (OCoLC)ocn809689438
040 ## - CATALOGING SOURCE
Original cataloging agency SMU
Transcribing agency SMU
Modifying agency CUD
-- MYPMP
-- OCLCF
-- YDXCP
-- DLC
042 ## - AUTHENTICATION CODE
Authentication code lccopycat
050 00 - LIBRARY OF CONGRESS CALL NUMBER
Classification number QA297
Item number .F35 2013
082 04 - DEWEY DECIMAL CLASSIFICATION NUMBER
Classification number 519.4,FAI
Edition number 23
100 1# - MAIN ENTRY--PERSONAL NAME
Personal name Faires, J. Douglas.
9 (RLIN) 7190
245 10 - TITLE STATEMENT
Title Numerical methods /
Statement of responsibility, etc. J. Douglas Faires, Richard Burden.
250 ## - EDITION STATEMENT
Edition statement 4th ed.
260 ## - PUBLICATION, DISTRIBUTION, ETC.
Place of publication, distribution, etc. Boston, MA :
Name of publisher, distributor, etc. Brooks/Cole, Cengage Learning,
Date of publication, distribution, etc. c2013.
300 ## - PHYSICAL DESCRIPTION
Extent xiii, 591 p. :
Other physical details ill. (some col.) ;
Dimensions 26 cm.
336 ## - CONTENT TYPE
Content type term text
Content type code txt
Source rdacontent
337 ## - MEDIA TYPE
Media type term unmediated
Media type code n
Source rdamedia
338 ## - CARRIER TYPE
Carrier type term volume
Carrier type code nc
Source rdacarrier
505 00 - FORMATTED CONTENTS NOTE
Miscellaneous information Mathematical Preliminaries And Error Analysis (Page-1), Solutions Of Equations Of One Variable (Page-33), Interpolation And Polynomial Approximation (Page-63), Numerical Integration And Differentiation (Page-107), Numerical Solution Of Initial-Value Problems (Page-173), Direct Methods For Solving Linear Systems (Page-229), Iterative Methods For Solving Linear Systems (Page-229), Approximation Theory (Page-321), Approximating Eigenvalues (Page-363), Systems Nonlinear Equations (Page-413), Boundary Value Problems For Ordinary Differential Equations (Page-441), Numerical Methods For Partial Differential Equations (Page-475).
Title --
650 #0 - SUBJECT ADDED ENTRY--TOPICAL TERM
Topical term or geographic name entry element Numerical analysis.
9 (RLIN) 103
650 #7 - SUBJECT ADDED ENTRY--TOPICAL TERM
Topical term or geographic name entry element Numerical analysis.
Source of heading or term fast
9 (RLIN) 103
700 1# - ADDED ENTRY--PERSONAL NAME
Personal name Burden, Richard L.
9 (RLIN) 7191
856 42 - ELECTRONIC LOCATION AND ACCESS
Materials specified Contributor biographical information
Uniform Resource Identifier <a href="http://www.loc.gov/catdir/enhancements/fy1412/2012935435-b.html">http://www.loc.gov/catdir/enhancements/fy1412/2012935435-b.html</a>
856 42 - ELECTRONIC LOCATION AND ACCESS
Materials specified Publisher description
Uniform Resource Identifier <a href="http://www.loc.gov/catdir/enhancements/fy1412/2012935435-d.html">http://www.loc.gov/catdir/enhancements/fy1412/2012935435-d.html</a>
856 41 - ELECTRONIC LOCATION AND ACCESS
Materials specified Table of contents only
Uniform Resource Identifier <a href="http://www.loc.gov/catdir/enhancements/fy1412/2012935435-t.html">http://www.loc.gov/catdir/enhancements/fy1412/2012935435-t.html</a>
906 ## - LOCAL DATA ELEMENT F, LDF (RLIN)
a 7
b cbc
c copycat
d 2
e ncip
f 20
g y-gencatlg
942 ## - ADDED ENTRY ELEMENTS (KOHA)
Source of classification or shelving scheme
Koha item type Book
Holdings
Withdrawn status Lost status Source of classification or shelving scheme Damaged status Not for loan Permanent Location Current Location Shelving location Date acquired Total Checkouts Full call number Barcode Date last seen Price effective from Koha item type Public note
          Military College of Signals (MCS) Military College of Signals (MCS) General Stacks 02/28/2023   519.4,FAI MCS37867 02/28/2023 02/28/2023 Book Almirah No.72, Shelf No.1
© 2023 Central Library, National University of Sciences and Technology. All Rights Reserved.